000 00351nam a2200145Ia 4500
008 240729s9999 xx 000 0 und d
022 _a2673-1592
245 0 _aProsthesis
260 _aSwitzerland
260 _bMDPI AG
650 _aMedicine
856 _uhttps://doaj.org/toc/4a93498fd0ad44aa8be049dbc2c80d19
942 _2ddc
942 _cDOAJEJ
999 _c74345
_d74345
945 _a1
_bMadushi Gamage
_c1
_dMadushi Gamage